000 00717nam a22002177a 4500
005 20230324124944.0
008 230209b ag ||||| |||| 00| 0 spa d
020 _a9879460308
050 0 4 _aHM851
_bB76 2001
100 1 _aBrown, John Seely
240 1 4 _aThe social life of information.
_lEspañol.
245 1 0 _aLa vida social de la información
_c / John Seely Brown y Paul Duguid.
250 _a1a ed.
260 _aBuenos Aires :
_bPearson Education,
_c2001
300 _a266 p. ;
_c24 cm.
504 _aBibliografía : p. 239-252 e índice
650 7 _2lemb
_aSociedad de masas
650 7 _2lemb
_aTecnologías de la información
_xAspectos sociales
700 1 _aDuguid, Paul,
_eautor
942 _2lcc
_cLIB
999 _c60495
_d60495